[Event "ESP-chT Rapid"]
[Site "Ciudad Real"]
[Date "2021.10.09"]
[Round "5.5"]
[White "Vega Gomez, Francisco Borja"]
[Black "Fernandez Barrera, Victor"]
[Result "1-0"]
[WhiteElo "2270"]
[BlackElo "2281"]
[PlyCount "103"]
[EventDate "2021.10.09"]
[EventType "team-swiss (rapid)"]
[EventRounds "9"]
[EventCountry "ESP"]
[SourceTitle "CBM 204 Extra"]
[Source "ChessBase"]
[SourceDate "2021.11.30"]
[SourceVersion "1"]
[SourceVersionDate "2021.11.30"]
[SourceQuality "1"]
[WhiteTeam "Madrid 64Villalba"]
[BlackTeam "Albacete Excalibur"]
[WhiteTeamCountry "ESP"]
[BlackTeamCountry "ESP"]

1. Nf3 Nf6 2. d4 g6 3. g3 d5 4. Bg2 Bg7 5. 0-0 0-0 6. Nbd2 c5 7. dxc5 Na6 8. Nb3 Ne4 9. Ng5 Nxg5 10. Bxg5 h6 11. Be3 Nc7 12. c3 e5 13. Qd2 Kh7 14. Rad1 Be6 15. f4 e4 16. Nd4 Bd7 17. f5 g5 18. Nc2 Bc6 19. Bd4 Bxd4+ 20. Nxd4 f6 21. Bh3 Qe7 22. Ne6 Nxe6 23. fxe6 Qxc5+ 24. Qd4 Qxd4+ 25. cxd4 Kg6 26. Bf5+ Kg7 27. Rc1 Rfc8 28. Kf2 Be8 29. Ke3 Rc6 30. Rc5 Rxc5 31. dxc5 Bc6 32. Kd4 Kf8 33. h4 Ke7 34. hxg5 fxg5 35. Ke5 Rf8 36. g4 Rf6 37. e3 Bb5 38. Ra1 Be2 39. Re1 Bf3 40. b4 h5 41. gxh5 g4 42. b5 Rh6 43. c6 bxc6 44. bxc6 g3 45. c7 Rh8 46. Rc1 g2 47. h6 Be2 48. Rg1 Bf1 49. h7 a5 50. a4 Rf8 51. Kxd5 Rh8 52. Bxe4 1-0

[Event "EU-ch Online U2300 Qual"]
[Site "Chess.com INT"]
[Date "2020.05.25"]
[Round "4"]
[White "Gloser, David"]
[Black "Vega Gomez, Francisco Borja"]
[Result "1-0"]
[WhiteElo "2228"]
[BlackElo "2272"]
[PlyCount "51"]
[EventDate "2020.05.25"]
[EventType "swiss"]
[EventRounds "8"]
[EventCountry "NET"]
[SourceTitle "EXT 2021"]
[Source "ChessBase"]
[SourceDate "2020.10.23"]
[SourceVersion "1"]
[SourceVersionDate "2020.10.23"]
[SourceQuality "1"]

1. e4 e5 2. f4 exf4 3. Nf3 Ne7 4. Bc4 c6 5. d4 Ng6 6. Nc3 Be7 7. 0-0 0-0 8. Ne5 Nxe5 9. dxe5 b5 10. Bb3 a5 11. a4 b4 12. Ne2 Na6 13. Nxf4 Nc5 14. Nh5 Nxb3 15. cxb3 d5 16. Qf3 dxe4 17. Qg3 g6 18. Nf6+ Bxf6 19. exf6 Re8 20. Be3 Qd5 21. Rac1 Qe5 22. Qh4 h5 23. Rc5 Qd6 24. Rxh5 gxh5 25. Qg5+ Kf8 26. Qg7# 1-0

[Event "Madrid-chT 1819"]
[Site "Madrid"]
[Date "2019.01.19"]
[Round "6.3"]
[White "Vega Gomez, Francisco Borja"]
[Black "Alfaya Marcelo, Roberto"]
[Result "0-1"]
[WhiteElo "2284"]
[BlackElo "2145"]
[PlyCount "120"]
[EventDate "2018.11.17"]
[EventType "team-tourn"]
[EventRounds "14"]
[EventCountry "ESP"]
[SourceTitle "CBM 189 Extra"]
[Source "ChessBase"]
[SourceDate "2019.06.03"]
[SourceVersion "1"]
[SourceVersionDate "2019.06.03"]
[SourceQuality "1"]
[WhiteTeam "Villalba 64"]
[BlackTeam "San Sebastian de los Reyes"]
[WhiteTeamCountry "ESP"]
[BlackTeamCountry "ESP"]

1. Nf3 c5 2. g3 b6 3. Bg2 Bb7 4. 0-0 Nf6 5. c4 e6 6. Nc3 Be7 7. Re1 d6 8. e4 a6 9. d4 cxd4 10. Nxd4 Qc7 11. Qa4+ Nbd7 12. Nd5 exd5 13. exd5 b5 14. cxb5 Nb6 15. Qa5 0-0 16. Nf5 Bd8 17. Bf4 Qd7 18. Bh3 Qxb5 19. Qd2 Qxd5 20. Qxd5 Nbxd5 21. Bxd6 Re8 22. Be5 Ba5 23. b4 Bxb4 24. Re2 a5 25. Bg2 Ba6 26. a3 Bxe2 27. Bxf6 Nxf6 28. axb4 Ra7 29. bxa5 Bd3 30. Nd4 Be4 31. Bf1 Rd8 32. Nb5 Rad7 33. Nc3 Ba8 34. Ra4 Rd4 35. Ra3 Ne4 36. Nb5 Rd1 37. Nc7 Nd2 38. Nxa8 Rxa8 39. Rd3 Rxf1+ 40. Kg2 Rd1 41. a6 g6 42. Rd6 Kf8 43. h4 Ke7 44. Rd3 Rxa6 45. g4 Rd6 46. Re3+ Kf6 47. g5+ Kg7 48. h5 gxh5 49. f4 Nc4 50. Re7 Re6 51. f5 Rxe7 52. f6+ Kf8 53. fxe7+ Kxe7 54. Kg3 Ke6 55. Kh4 Kf5 56. g6 Kf4 57. Kh3 Ne3 58. Kh2 Rd2+ 59. Kh3 Nf1 60. gxf7 Rh2# 0-1

[Event "Madrid-chT 1819"]
[Site "Madrid"]
[Date "2018.11.25"]
[Round "2.4"]
[White "Vega Gomez, Francisco Borja"]
[Black "Medina Riesgo, Pedro"]
[Result "1-0"]
[WhiteElo "2284"]
[BlackElo "2141"]
[PlyCount "113"]
[EventDate "2018.11.17"]
[EventType "team-tourn"]
[EventRounds "14"]
[EventCountry "ESP"]
[SourceTitle "CBM 189 Extra"]
[Source "ChessBase"]
[SourceDate "2019.06.03"]
[SourceVersion "1"]
[SourceVersionDate "2019.06.03"]
[SourceQuality "1"]
[WhiteTeam "Villalba 64"]
[BlackTeam "Alcorcon"]
[WhiteTeamCountry "ESP"]
[BlackTeamCountry "ESP"]

1. Nf3 d5 2. d4 Nf6 3. c4 e6 4. e3 Bb4+ 5. Nbd2 0-0 6. Bd3 Nbd7 7. a3 dxc4 8. Bxc4 Be7 9. Nf1 c5 10. Ng3 b5 11. Be2 c4 12. a4 Nb6 13. axb5 Bd7 14. 0-0 Bxb5 15. Ne5 a6 16. Bd2 Nfd7 17. f4 Nxe5 18. fxe5 Nd5 19. Qe1 Bh4 20. Rf3 f5 21. exf6 Rxf6 22. Qf1 Bxg3 23. hxg3 Rxf3 24. gxf3 Qg5 25. Kf2 Rf8 26. Qh3 Rf6 27. Qh4 Qxh4 28. gxh4 Rf7 29. Rc1 Rb7 30. e4 Ne7 31. Ke3 Kf7 32. h5 h6 33. f4 Ng8 34. Bf3 Rd7 35. Rg1 Nf6 36. Bc3 Rd8 37. d5 exd5 38. Bxf6 gxf6 39. exd5 Be8 40. Be2 Ke7 41. Bxc4 Bxh5 42. Kd4 Kd6 43. Rh1 Bf3 44. Rxh6 Rf8 45. Rh3 Bg2 46. Ra3 Ra8 47. Ra5 Kc7 48. Rc5+ Kd7 49. Rc6 a5 50. Rxf6 a4 51. Ra6 Rb8 52. Rxa4 Rxb2 53. Ke5 Rc2 54. f5 Bh3 55. f6 Rf2 56. Ra7+ Ke8 57. Bd3 1-0

[Event "ESP-chT CECLUB Div2"]
[Site "Linares"]
[Date "2018.08.17"]
[Round "5.2"]
[White "Gomez Dieguez, Adrian"]
[Black "Vega Gomez, Francisco Borja"]
[Result "1/2-1/2"]
[WhiteElo "2277"]
[BlackElo "2273"]
[PlyCount "67"]
[EventDate "2018.08.14"]
[EventType "team-swiss"]
[EventRounds "7"]
[EventCountry "ESP"]
[SourceTitle "CBM 186 Extra"]
[Source "ChessBase"]
[SourceDate "2018.08.24"]
[SourceVersion "1"]
[SourceVersionDate "2018.08.24"]
[SourceQuality "1"]
[WhiteTeam "Ourense Deportivo"]
[BlackTeam "Villalba 64"]
[WhiteTeamCountry "ESP"]
[BlackTeamCountry "ESP"]

1. e4 e5 2. Bc4 Nf6 3. d3 c6 4. Nf3 Be7 5. 0-0 d6 6. Nbd2 0-0 7. c3 Nbd7 8. Bb3 d5 9. Re1 Bd6 10. d4 Nxe4 11. Nxe4 dxe4 12. Rxe4 exd4 13. Bg5 Qa5 14. Qxd4 Nc5 15. Bxf7+ Rxf7 16. b4 Qa3 17. Re8+ Rf8 18. Rae1 Ne6 19. R1xe6 Bxe6 20. Rxe6 Bxb4 21. cxb4 Qxa2 22. Re7 Rf7 23. h4 h6 24. Rxf7 Qxf7 25. Bd2 Qd5 26. Qg4 Rf8 27. Bc3 Qd1+ 28. Kh2 Rf7 29. Qc8+ Kh7 30. Qe8 Qd6+ 31. Kg1 Qd1+ 32. Kh2 Qd6+ 33. Kg1 Qd1+ 34. Kh2 1/2-1/2

[Event "ESP-chT CECLUB Div2"]
[Site "Linares"]
[Date "2018.08.15"]
[Round "3.3"]
[White "Vega Gomez, Francisco Borja"]
[Black "Perez Tores, Juan Miguel"]
[Result "1/2-1/2"]
[WhiteElo "2273"]
[BlackElo "2218"]
[PlyCount "112"]
[EventDate "2018.08.14"]
[EventType "team-swiss"]
[EventRounds "7"]
[EventCountry "ESP"]
[SourceTitle "CBM 186 Extra"]
[Source "ChessBase"]
[SourceDate "2018.08.24"]
[SourceVersion "1"]
[SourceVersionDate "2018.08.24"]
[SourceQuality "1"]
[WhiteTeam "Villalba 64"]
[BlackTeam "CajaGranada"]
[WhiteTeamCountry "ESP"]
[BlackTeamCountry "ESP"]

1. Nf3 Nf6 2. d4 b6 3. c4 e6 4. a3 Bb7 5. Nc3 d5 6. Bf4 Be7 7. e3 0-0 8. Bd3 Ne4 9. Qc2 f5 10. h4 Bd6 11. cxd5 Nxc3 12. bxc3 Bxd5 13. c4 Bxf3 14. Bxd6 Qxd6 15. gxf3 c5 16. d5 Qe5 17. Ke2 Nd7 18. Rag1 Rae8 19. Rg5 h6 20. f4 Qf6 21. dxe6 hxg5 22. exd7 Rd8 23. hxg5 Qe6 24. Qc3 Rxd7 25. Qe5 Qxe5 26. fxe5 g6 27. Bc2 Kg7 28. Ba4 Re7 29. f4 Rd8 30. Bc6 Rc7 31. Bd5 Rcd7 32. e6 Rd6 33. a4 Re8 34. Kf3 Re7 35. Re1 Rexe6 36. Bxe6 Rxe6 37. Rd1 Re4 38. Rd7+ Kg8 39. Rxa7 Rxc4 40. Ra6 Kf7 41. Rxb6 Rxa4 42. Rb7+ Kf8 43. Rc7 Rc4 44. Ke2 Rc2+ 45. Kd3 Rc1 46. e4 Rd1+ 47. Ke2 Rd4 48. exf5 Rxf4 49. Rc8+ Kf7 50. Rc7+ Kf8 51. fxg6 Rf5 52. Rf7+ Rxf7 53. gxf7 Kxf7 54. Kd3 c4+ 55. Kxc4 Kg6 56. Kd4 Kxg5 1/2-1/2

[Event "Madrid-chT 1718"]
[Site "Madrid"]
[Date "2018.02.10"]
[Round "9.14"]
[White "Prieto Martin, Alfonso"]
[Black "Vega Gomez, Francisco Borja"]
[Result "1/2-1/2"]
[WhiteElo "2187"]
[BlackElo "2267"]
[PlyCount "140"]
[EventDate "2017.11.19"]
[EventType "team-tourn"]
[EventRounds "14"]
[EventCountry "ESP"]
[SourceTitle "EXT 2019"]
[Source "ChessBase"]
[SourceDate "2018.10.10"]
[SourceVersion "1"]
[SourceVersionDate "2018.10.10"]
[SourceQuality "1"]
[WhiteTeam "Alcorcon"]
[BlackTeam "Villalba 64"]
[WhiteTeamCountry "ESP"]
[BlackTeamCountry "ESP"]

1. e4 d6 2. d4 Nf6 3. Nc3 Nbd7 4. f4 e5 5. Nf3 exd4 6. Qxd4 c6 7. Be3 d5 8. exd5 Bc5 9. Qd2 Bb4 10. dxc6 bxc6 11. Bc4 0-0 12. 0-0 Ng4 13. Bd4 Nb6 14. Be2 c5 15. Bf2 Nxf2 16. Rxf2 Qf6 17. a3 Rd8 18. Qe3 Bxc3 19. Qxc3 Qxc3 20. bxc3 Bf5 21. Ne5 Be4 22. Bf3 Bxf3 23. Rxf3 Rd2 24. Rf2 Rad8 25. Nd3 Rxf2 26. Nxf2 Na4 27. Rd1 Re8 28. Kf1 Nxc3 29. Rd7 Nb1 30. Ne4 Nxa3 31. Rxa7 Nxc2 32. Nxc5 h5 33. Kf2 Ne3 34. Ra3 Ng4+ 35. Kg3 Nh6 36. Rd3 Re2 37. Kf3 Rc2 38. Ne4 f6 39. Rd2 Rc4 40. Rd8+ Kh7 41. Rd5 Kg6 42. g3 Ra4 43. Rd3 Ra2 44. h3 Nf5 45. Nd6 Nh6 46. g4 hxg4+ 47. hxg4 f5 48. Nxf5 Nxf5 49. gxf5+ Kxf5 50. Rb3 Ra5 51. Re3 Ra1 52. Re5+ Kf6 53. Rb5 Rf1+ 54. Ke3 Rh1 55. Rb6+ Kf5 56. Rb5+ Kg6 57. Rb6+ Kh5 58. Rb5+ Kh6 59. Rb6+ Kh7 60. Ke4 Rh5 61. f5 Rh1 62. Rb3 Rh4+ 63. Ke5 Ra4 64. Rd3 Ra1 65. Rd4 Re1+ 66. Re4 Rxe4+ 67. Kxe4 Kh6 68. Ke5 Kg5 69. Ke6 Kf4 70. f6 gxf6 1/2-1/2

[Event "Madrid-chT 1718"]
[Site "Madrid"]
[Date "2018.01.13"]
[Round "5.33"]
[White "Vega Gomez, Francisco Borja"]
[Black "Rubio Mejia, Luis Ignacio"]
[Result "0-1"]
[WhiteElo "2281"]
[BlackElo "2447"]
[PlyCount "144"]
[EventDate "2017.11.19"]
[EventType "team-tourn"]
[EventRounds "14"]
[EventCountry "ESP"]
[SourceTitle "EXT 2019"]
[Source "ChessBase"]
[SourceDate "2018.10.10"]
[SourceVersion "1"]
[SourceVersionDate "2018.10.10"]
[SourceQuality "1"]
[WhiteTeam "Villalba 64"]
[BlackTeam "Virgen de Atocha"]
[WhiteTeamCountry "ESP"]
[BlackTeamCountry "ESP"]

1. e4 c5 2. Nf3 d6 3. Bb5+ Bd7 4. Bxd7+ Qxd7 5. c4 Nc6 6. d4 cxd4 7. Nxd4 g6 8. Nc3 Nf6 9. 0-0 Bg7 10. Nde2 Qe6 11. Nd5 Qxe4 12. Nc7+ Kd7 13. Nxa8 Qxc4 14. a4 Rxa8 15. a5 Nd5 16. Ra4 Qb5 17. Nf4 e6 18. Nxd5 Qxd5 19. Qg4 h5 20. Qf4 Ke8 21. Ra3 a6 22. Rf3 Ne5 23. Ra3 Rc8 24. Qa4+ Qc6 25. Bf4 Qxa4 26. Rxa4 d5 27. b3 Nc6 28. Rc1 Kd7 29. Kf1 e5 30. Bd2 f5 31. Ra2 d4 32. Rac2 Bf8 33. Rc4 Bd6 34. b4 Na7 35. f4 Re8 36. fxe5 Bxe5 37. Bf4 Bxf4 38. Rxd4+ Bd6 39. h3 Nb5 40. Rd3 Re4 41. Rb1 Ke6 42. Rb2 Bxb4 43. Rd8 Bxa5 44. Rb8 Nd6 45. Rg8 Kf7 46. Ra8 Bb4 47. Rc2 Rc4 48. Rxc4 Nxc4 49. Ke2 Nd6 50. Ke3 Bc5+ 51. Kf4 Kf6 52. Rf8+ Nf7 53. Ra8 h4 54. g4 g5+ 55. Kf3 Ne5+ 56. Kg2 fxg4 57. hxg4 Nxg4 58. Kh3 Ne5 59. Rc8 b6 60. Ra8 a5 61. Ra7 Ke6 62. Rg7 Be3 63. Ra7 Kd5 64. Ra8 Kc4 65. Kg2 Kb4 66. Re8 Bf4 67. Ra8 b5 68. Kh3 g4+ 69. Kg2 h3+ 70. Kh1 g3 71. Kg1 Nf3+ 72. Kf1 g2+ 0-1

[Event "ESP-ch rapid"]
[Site "Linares"]
[Date "2016.08.14"]
[Round "6"]
[White "Vega Gomez, Francisco Borja"]
[Black "Gines Esteo, Pedro Antonio"]
[Result "0-1"]
[WhiteElo "2257"]
[BlackElo "2194"]
[PlyCount "116"]
[EventDate "2016.08.14"]
[EventType "swiss (rapid)"]
[EventRounds "9"]
[EventCountry "ESP"]
[SourceTitle "CBM 173 Extra"]
[Source "ChessBase"]
[SourceDate "2016.08.29"]
[SourceVersion "1"]
[SourceVersionDate "2016.08.29"]
[SourceQuality "1"]

1. Nf3 d5 2. d4 c5 3. c4 dxc4 4. d5 e6 5. e4 Nf6 6. Nc3 exd5 7. e5 Nfd7 8. Nxd5 Nb6 9. Nxb6 Qxd1+ 10. Kxd1 axb6 11. Bxc4 Bg4 12. Kc2 Bxf3 13. gxf3 Nc6 14. f4 Nd4+ 15. Kc3 b5 16. Bd5 b4+ 17. Kd3 0-0-0 18. Ke4 f5+ 19. exf6 gxf6 20. f5 Re8+ 21. Kd3 Nxf5 22. Bf4 Bd6 23. Bxd6 Nxd6 24. Rhg1 Re5 25. Bf3 Rd8 26. Kc2 Nb5 27. Bg4+ f5 28. Bd1 Nd4+ 29. Kc1 Ne2+ 30. Bxe2 Rxe2 31. b3 Rdd2 32. a3 bxa3 33. Rxa3 Rxf2 34. Rg8+ Kc7 35. Rg7+ Kb6 36. Ra8 Rc2+ 37. Kb1 Rce2 38. Rg1 Rxh2 39. Rf8 Ref2 40. Rf7 f4 41. Re1 f3 42. b4 cxb4 43. Rd1 b3 44. Ka1 Ra2+ 45. Kb1 Raf2 46. Rf4 Ka5 47. Rd5+ b5 48. Rd1 h5 49. Rf5 h4 50. Rf4 h3 51. Rf8 Rb2+ 52. Ka1 Ra2+ 53. Kb1 Rhb2+ 54. Kc1 Ra1+ 55. Kxb2 Rxd1 56. Rxf3 h2 57. Rf4 h1Q 58. Ra4+ bxa4 0-1

[Event "Arteixo 1st"]
[Site "Arteixo"]
[Date "2015.07.14"]
[Round "2"]
[White "Vega Gomez, Francisco Borja"]
[Black "Sande Edreira, Jose Antonio"]
[Result "1-0"]
[WhiteElo "2237"]
[BlackElo "2277"]
[PlyCount "141"]
[EventDate "2015.07.13"]
[EventType "tourn"]
[EventRounds "9"]
[EventCountry "ESP"]
[EventCategory "4"]
[SourceTitle "EXT 2019"]
[Source "ChessBase"]
[SourceDate "2018.10.10"]
[SourceVersion "1"]
[SourceVersionDate "2018.10.10"]
[SourceQuality "1"]

1. d4 Nf6 2. Nf3 g6 3. g3 Bg7 4. Bg2 0-0 5. 0-0 d6 6. c4 Nbd7 7. Nc3 e5 8. e4 c6 9. h3 Re8 10. Re1 a6 11. d5 cxd5 12. Nxd5 Nxd5 13. Qxd5 Qc7 14. b3 Nc5 15. Bb2 Bd7 16. Qd2 Bc6 17. Qc2 a5 18. Rad1 Bh6 19. h4 b6 20. Nh2 Rac8 21. Ng4 Bg7 22. h5 Ne6 23. h6 Bh8 24. Ne3 Nd4 25. Qd2 Qb7 26. Nc2 Nxc2 27. Qxc2 Rcd8 28. Bh3 Bf6 29. Bc1 Be7 30. a4 Bd7 31. Bxd7 Qxd7 32. Be3 Rb8 33. Kg2 Qe6 34. Qd3 f5 35. Qd5 Qxd5 36. Rxd5 fxe4 37. Bc1 Rbc8 38. Rxe4 Rc5 39. Be3 Rc6 40. Bd2 Kf7 41. Re2 Bf8 42. Kf3 Ke6 43. Ke4 Rc5 44. Be3 Rc6 45. Red2 Rec8 46. Rb5 Rb8 47. Rdd5 Rb7 48. Rd3 Rb8 49. Bg5 Rb7 50. Rf3 Rb8 51. Rf6+ Ke7 52. Rxg6+ Kf7 53. Rf6+ Kg8 54. Be3 d5+ 55. Kf5 Rxf6+ 56. Kxf6 dxc4 57. bxc4 Rc8 58. Rxb6 Rxc4 59. Rb8 e4 60. g4 Rc6+ 61. Kf5 Kf7 62. Rb7+ Kg8 63. Rb5 Bxh6 64. Bxh6 Rxh6 65. Kxe4 Ra6 66. Rf5 Kg7 67. f3 Kg6 68. Kd4 Rd6+ 69. Kc4 Rb6 70. Rxa5 Rf6 71. Rf5 1-0

[Event "Arteixo 1st"]
[Site "Arteixo"]
[Date "2015.07.13"]
[Round "1"]
[White "Paunovic, Dragan"]
[Black "Vega Gomez, Francisco Borja"]
[Result "1-0"]
[WhiteElo "2451"]
[BlackElo "2237"]
[PlyCount "103"]
[EventDate "2015.07.13"]
[EventType "tourn"]
[EventRounds "9"]
[EventCountry "ESP"]
[EventCategory "4"]
[SourceTitle "EXT 2019"]
[Source "ChessBase"]
[SourceDate "2018.10.10"]
[SourceVersion "1"]
[SourceVersionDate "2018.10.10"]
[SourceQuality "1"]

1. Nf3 d6 2. d4 Bg4 3. g3 Bxf3 4. exf3 e6 5. Bg2 Nf6 6. 0-0 Be7 7. c4 c6 8. Nc3 d5 9. Qb3 Qb6 10. c5 Qxb3 11. axb3 Nbd7 12. b4 0-0 13. b5 e5 14. dxe5 Nxe5 15. Re1 Ng6 16. b4 a6 17. bxa6 Rxa6 18. Rxa6 bxa6 19. f4 Re8 20. Na4 Bd8 21. Bd2 Rxe1+ 22. Bxe1 Nd7 23. Bf1 Nb8 24. Bc3 f6 25. Bh3 Nf8 26. Nb6 Kf7 27. Bc8 Ke7 28. Kf1 Bc7 29. Ke2 Kd8 30. Bf5 Ke7 31. Bd3 h6 32. f5 Kd8 33. f4 Bxb6 34. cxb6 Nfd7 35. Bd4 Kc8 36. g4 Kb7 37. g5 a5 38. bxa5 c5 39. Bb2 hxg5 40. fxg5 c4 41. Bc2 Ka6 42. gxf6 gxf6 43. Bc3 d4 44. Bxd4 Kxa5 45. Be4 Nxb6 46. Bxf6 N8d7 47. Bg7 Kb4 48. h4 Nc8 49. h5 Nd6 50. h6 Nf7 51. h7 Kc5 52. Bf3 1-0

[Event "ESP-chT CECLUB Div1 GpA"]
[Site "Linares"]
[Date "2013.08.23"]
[Round "5.1"]
[White "Vega Gomez, Francisco Borja"]
[Black "Perez Suchan, Saul Mario"]
[Result "1-0"]
[WhiteElo "2248"]
[BlackElo "1649"]
[PlyCount "95"]
[EventDate "2013.08.19"]
[EventType "team-tourn"]
[EventRounds "5"]
[EventCountry "ESP"]
[SourceTitle "CBM 156 Extra"]
[Source "ChessBase"]
[SourceDate "2013.10.22"]
[SourceVersion "1"]
[SourceVersionDate "2013.10.22"]
[SourceQuality "1"]
[WhiteTeam "Artes de Lugo"]
[BlackTeam "Camfil 64 Villalba"]
[WhiteTeamCountry "ESP"]
[BlackTeamCountry "ESP"]

1. Nf3 d6 2. d4 Nf6 3. g3 g6 4. Bg2 Bg7 5. 0-0 0-0 6. Nc3 c5 7. dxc5 dxc5 8. Qxd8 Rxd8 9. Be3 Na6 10. Na4 Ne4 11. Ne1 Nd2 12. Rd1 Bg4 13. Rxd2 Rxd2 14. Bxd2 Bxe2 15. Bxb7 Rd8 16. Bxa6 Bxf1 17. Kxf1 Rxd2 18. c3 Rd6 19. Nxc5 Rb6 20. Ned3 e5 21. Bc4 Rd6 22. Ne4 Rd7 23. Ke2 h6 24. b4 Kf8 25. Ndc5 Rd8 26. Nb7 Rd7 27. Nec5 Re7 28. a4 e4 29. Kd2 h5 30. a5 Bh6+ 31. Kc2 e3 32. fxe3 Bxe3 33. a6 Bg1 34. b5 Bxc5 35. Nxc5 Rc7 36. Kb3 Rxc5 37. Kb4 Rc7 38. Bd5 Ke7 39. Bb7 Kd6 40. b6 axb6 41. a7 Rxb7 42. a8Q Kc6 43. c4 Kc7 44. Kb5 Rb8 45. Qc6+ Kd8 46. Qd6+ Kc8 47. Kc6 Rb7 48. Qf8# 1-0

[Event "Mostoles op 6th"]
[Site "Mostoles"]
[Date "2013.07.24"]
[Round "9"]
[White "Vega Gomez, Francisco Borja"]
[Black "Arribas Lopez, Angel"]
[Result "0-1"]
[WhiteElo "2256"]
[BlackElo "2494"]
[PlyCount "70"]
[EventDate "2013.07.16"]
[EventType "swiss"]
[EventRounds "9"]
[EventCountry "ESP"]
[SourceTitle "EXT 2014"]
[Source "ChessBase"]
[SourceDate "2013.11.20"]
[SourceVersion "1"]
[SourceVersionDate "2013.11.20"]
[SourceQuality "1"]

1. Nf3 d6 2. d4 g6 3. g3 Bg7 4. Bg2 Nf6 5. 0-0 0-0 6. Nc3 Nbd7 7. e4 e5 8. h3 c6 9. a4 a5 10. Be3 Re8 11. Re1 Qc7 12. Qd2 Nf8 13. d5 h5 14. Rad1 c5 15. Bf1 N8h7 16. Qc1 Rf8 17. Nb5 Qe7 18. Nxe5 dxe5 19. d6 Qd8 20. Nc7 Rb8 21. Bxc5 b6 22. Ba3 Bb7 23. f3 h4 24. g4 Nd7 25. Bb5 Ng5 26. Bxd7 Bh6 27. Kg2 Qxd7 28. Nd5 Bxd5 29. Rxd5 Rbc8 30. Re2 Kh7 31. Rxe5 Nxh3 32. g5 Nxg5 33. Qh1 Ne6 34. Kf1 f6 35. Rb5 Nd4 0-1

[Event "Mostoles op 6th"]
[Site "Mostoles"]
[Date "2013.07.20"]
[Round "5"]
[White "Vega Gomez, Francisco Borja"]
[Black "Cabanas Bravo, Juan Andres"]
[Result "0-1"]
[WhiteElo "2248"]
[BlackElo "2091"]
[PlyCount "118"]
[EventDate "2013.07.16"]
[EventType "swiss"]
[EventRounds "9"]
[EventCountry "ESP"]
[SourceTitle "EXT 2014"]
[Source "ChessBase"]
[SourceDate "2013.11.20"]
[SourceVersion "1"]
[SourceVersionDate "2013.11.20"]
[SourceQuality "1"]

1. e4 e5 2. Nf3 Nc6 3. Bc4 Bc5 4. c3 Nf6 5. d4 exd4 6. cxd4 Bb4+ 7. Nc3 Nxe4 8. 0-0 Bxc3 9. d5 Bf6 10. Re1 Ne7 11. Rxe4 d6 12. Bg5 Bxg5 13. Nxg5 h6 14. Qe2 hxg5 15. Re1 Be6 16. Re3 Kf8 17. dxe6 f6 18. Rh3 Rxh3 19. gxh3 g6 20. Qf3 Kg7 21. Qxb7 Qc8 22. Qb5 c6 23. Qa5 Qb7 24. Re3 Qb6 25. Qa3 Qd4 26. Qb4 Rd8 27. Rd3 Qb6 28. Qa3 Qc7 29. b4 d5 30. Bb3 Rd6 31. Qc1 Qb6 32. Qe1 Kf8 33. Bd1 Qa6 34. Rf3 Kg7 35. Qe3 Qxa2 36. Qc5 Rxe6 37. Re3 Rxe3 38. fxe3 Kf7 39. Bf3 Qc4 40. Qd6 Qc3 41. Kf2 Qb2+ 42. Kg1 Qa3 43. Kf2 a5 44. Bg4 f5 45. Be2 Qxb4 46. Qd8 a4 47. h4 Qxh4+ 48. Kg2 a3 49. Qa5 g4 50. Qxa3 Qh3+ 51. Kg1 f4 52. Qd6 Qxe3+ 53. Kf1 g3 54. Kg2 Qf2+ 55. Kh3 Qxh2+ 56. Kg4 Qxe2+ 57. Kxf4 Qe4+ 58. Kg5 Qf5+ 59. Kh6 Qh5# 0-1

[Event "Cullera op-A 29th"]
[Site "Cullera"]
[Date "2012.08.29"]
[Round "7"]
[White "Torres Sanchez, Jose"]
[Black "Vega Gomez, Francisco Borja"]
[Result "1/2-1/2"]
[WhiteElo "2278"]
[BlackElo "2225"]
[PlyCount "65"]
[EventDate "2012.08.25"]
[EventType "swiss"]
[EventRounds "9"]
[EventCountry "ESP"]
[SourceTitle "CBM 150 Extra"]
[Source "ChessBase"]
[SourceDate "2012.10.19"]
[SourceVersion "1"]
[SourceVersionDate "2012.10.19"]
[SourceQuality "1"]

1. d4 d5 2. c4 c6 3. Nc3 Nf6 4. Nf3 g6 5. e3 Bg7 6. Bd3 0-0 7. 0-0 e6 8. Re1 Nbd7 9. e4 dxe4 10. Nxe4 Nxe4 11. Rxe4 c5 12. Bg5 Qc7 13. Qd2 cxd4 14. Bh6 Rd8 15. Rh4 Nf8 16. Re1 f6 17. Bxg7 Qxg7 18. Rxd4 Rxd4 19. Nxd4 e5 20. Nb5 Be6 21. Nd6 b6 22. b4 Qc7 23. Ne4 Kg7 24. Qc2 a5 25. a3 axb4 26. axb4 Bf7 27. f4 Ne6 28. fxe5 Qxe5 29. Kf2 Nf4 30. Bf1 Re8 31. g3 Nh5 32. Re2 Bxc4 33. Nxf6 1/2-1/2

[Event "Mostoles op 5th"]
[Site "Mostoles"]
[Date "2012.07.25"]
[Round "7"]
[White "Cabanas Jimenez, Manuel"]
[Black "Vega Gomez, Francisco Borja"]
[Result "0-1"]
[WhiteElo "2108"]
[BlackElo "2225"]
[PlyCount "48"]
[EventDate "2012.07.19"]
[EventType "swiss"]
[EventRounds "9"]
[EventCountry "ESP"]
[SourceTitle "EXT 2013"]
[Source "ChessBase"]
[SourceDate "2012.11.22"]
[SourceVersion "1"]
[SourceVersionDate "2012.11.22"]
[SourceQuality "1"]

1. e4 d6 2. d4 Nf6 3. Nc3 e5 4. Nf3 Nbd7 5. dxe5 dxe5 6. Be3 Bb4 7. Bc4 0-0 8. Nd2 Nb6 9. Qe2 Ng4 10. Bxb6 axb6 11. h3 Nf6 12. 0-0 c6 13. Rfd1 Qe7 14. Bb3 Be6 15. Nf1 Rfd8 16. Rxd8+ Rxd8 17. Nd1 g6 18. c3 Bc5 19. g4 h5 20. g5 Nh7 21. Bxe6 Qxe6 22. b4 Be7 23. h4 Qh3 24. f4 Qxh4 0-1

[Event "Mostoles op 5th"]
[Site "Mostoles"]
[Date "2012.07.24"]
[Round "6"]
[White "Vega Gomez, Francisco Borja"]
[Black "Almagro Llamas, Pablo"]
[Result "0-1"]
[WhiteElo "2225"]
[BlackElo "2465"]
[PlyCount "72"]
[EventDate "2012.07.19"]
[EventType "swiss"]
[EventRounds "9"]
[EventCountry "ESP"]
[SourceTitle "EXT 2013"]
[Source "ChessBase"]
[SourceDate "2012.11.22"]
[SourceVersion "1"]
[SourceVersionDate "2012.11.22"]
[SourceQuality "1"]

1. Nf3 d5 2. c4 c6 3. e3 Nf6 4. Nc3 e6 5. Be2 Bd6 6. 0-0 Nbd7 7. d3 0-0 8. b3 Qe7 9. Bb2 a6 10. Rc1 e5 11. cxd5 cxd5 12. Qc2 b5 13. Rfd1 Bb7 14. Bf1 Rac8 15. Qe2 Rfd8 16. Nh4 g6 17. g3 Qe6 18. Nf3 h6 19. Bg2 e4 20. Nd4 Qe7 21. Bh3 Rc7 22. Nb1 Rxc1 23. Rxc1 Ne5 24. dxe4 dxe4 25. Bc3 Nf3+ 26. Nxf3 exf3 27. Qb2 Ne4 28. Bd4 Ng5 29. Bf1 Qe6 30. Nc3 Nh3+ 31. Kh1 Ba3 32. Qxa3 Nxf2+ 33. Kg1 Ng4 34. Nd1 Rxd4 35. exd4 Qe3+ 36. Kh1 f2+ 0-1